000 00682cam a22002413a 4500
001 445
003 PGUSA
005 20140828082948.0
008 960201s1996||||xxu|||||s|||||000 | eng d
040 _aPGUSA
_beng
042 _adc
050 4 _aHM
100 1 _aLe Bon, Gustave,
_d1841-1931
245 1 4 _aThe Crowd :
_bA Study of the Popular Mind
_h[electronic resource] /
_cGustave Le Bon
260 _bProject Gutenberg,
_c1996
500 _aTranslation of Psychologie des foules
506 _aPublic domain in the USA.
516 _aElectronic text
653 _aCrowds
830 0 _aProject Gutenberg
_v445
856 4 0 _uhttp://www.gutenberg.org/ebooks/445
942 _cEB
999 _c229796
_d229796